00622cam a22002053a 45000010005000000030006000050050017000110080041000280400015000690420007000840500007000911000033000982450084001312600029002155060030002445160020002746530053002948300028003478560041003752605PGUSA20140828083017.0010401s2001||||xxu|||||s|||||000 | eng d aPGUSAbeng adc 4aDS1 aLowell, Percival,d1855-191610aNoto :bAn Unexplored Corner of Japanh[electronic resource] /cPercival Lowell bProject Gutenberg,c2001 aPublic domain in the USA. aElectronic text aNoto Peninsula (Japan) -- Description and travel 0aProject Gutenbergv260540uhttp://www.gutenberg.org/ebooks/2605